| 000 | 00853cab a2200241 4500 | ||
|---|---|---|---|
| 001 | WB3311-39 | ||
| 008 | 090401t1997 xxu||||| |||| 00| 0 eng d | ||
| 035 | _a(Sirsi) u77089 | ||
| 041 | _aeng | ||
| 245 | _aLease | ||
| 260 | _c1997 | ||
| 350 | _a0 | ||
| 490 |
_aEstates Gazette Case Summaries _v1997 EGCS 25 (8/3/97) |
||
| 520 | _a"Loder-Dyer v Viscount Chelsea and another" CA 20 February 1997. Tenant`s successor in title seeking to acquire freehold under provisions of Leasehold Reform Act 1967. Judge finds landlord has satisfied burden of showing rent payable under tenancy. Appeal dismissed. | ||
| 650 | _aENTITLEMENT | ||
| 650 | _aFREEHOLD | ||
| 650 | _aLEASEHOLD REFORM ACT 1967 | ||
| 650 | _aLOW RENT | ||
| 650 | _aRENOVATIONS | ||
| 690 | _aLANDLORD AND TENANT-CASE LAW-LEASEHOLD REFORM | ||
| 942 | _n0 | ||
| 948 | _c13/03/1997 | ||
| 999 |
_c48453 _d48453 |
||